000 00453nam a22001817a 4500
005 20230107170631.0
008 221216b |||||||| |||| 00| 0 eng d
020 _a978-93-272-3585-2
041 _aeng
082 _a631.52-PRA-I
100 _aPRASAD,GANESH
_97348
245 _aINTRODUCTION TO CYTOGENETICS
250 _a1st ed.
260 _aLUDHIANA
_bKALYANI PUBLISHERS
_c2020
300 _a512;P.
650 _aAGRICULTURE
_92837
942 _cBK
999 _c8050
_d8048